[Event "17. Europa ch Juvenil - Masculino s16"]
[Site "Sibenik CRO"]
[Date "2007.09.14"]
[Round "1.2"]
[White "Pomaro, Alberto"]
[Black "Feller, Sebastien"]
[Result "0-1"]
[WhiteElo "2149"]
[BlackElo "2476"]
[PlyCount "66"]
[EventDate "2007.09.14"]
[EventType "swiss"]
[EventRounds "9"]
[EventCountry "CRO"]
[Source "lmi"]
[SourceDate "2007.09.14"]

1. d4 g6 2. c4 Bg7 3. e4 d6 4. Nf3 Bg4 5. Be2 Nc6 6. Ng1 Bd7 7. Nf3 e5 8. d5
Nce7 9. Nc3 f5 10. O-O Nf6 11. Qc2 O-O 12. Ne1 f4 13. Nd3 g5 14. f3 Ng6 15. Nf2
h5 16. h3 Rf7 17. c5 Bf8 18. c6 Bc8 19. cxb7 Bxb7 20. Bd2 Bc8 21. Nb5 a6 22.
Na3 Bh6 23. Qd3 Rg7 24. Rfc1 Nh4 25. Rc2 g4 26. fxg4 hxg4 27. Nxg4 Nxg4 28.
Bxg4 Bxg4 29. hxg4 Rxg4 30. Be1 f3 31. Bxh4 Qxh4 32. Rf1 Bf4 33. Rxf3 Qh2+ 0-1

[Event "17. Europa ch Juvenil - Masculino s16"]
[Site "Sibenik CRO"]
[Date "2007.09.14"]
[Round "1.3"]
[White "Salgado Lopez, Ivan"]
[Black "Tofil, Borys"]
[Result "1-0"]
[WhiteElo "2456"]
[BlackElo "2148"]
[PlyCount "59"]
[EventDate "2007.09.14"]
[EventType "swiss"]
[EventRounds "9"]
[EventCountry "CRO"]
[Source "lmi"]
[SourceDate "2007.09.14"]

1. e4 c5 2. Nf3 e6 3. d4 cxd4 4. Nxd4 Nf6 5. Nc3 d6 6. Be3 a6 7. f3 b5 8. Qd2
Nbd7 9. O-O-O Bb7 10. Bd3 Rc8 11. Rhe1 Be7 12. Kb1 b4 13. Nce2 d5 14. exd5 Nxd5
15. Nf4 Nc5 16. Nf5 Bf6 17. Nxd5 Bxd5 18. Qxb4 O-O 19. Bxc5 Rb8 20. Ne7+ Kh8
21. Nxd5 Rxb4 22. Nxb4 a5 23. Nc6 Qc8 24. Bxf8 Qxc6 25. Ba3 g6 26. c4 a4 27. c5
Be7 28. Bb4 Kg7 29. Rc1 f5 30. Bc4 1-0

[Event "17. Europa ch Juvenil - Masculino s16"]
[Site "Sibenik CRO"]
[Date "2007.09.14"]
[Round "1.4"]
[White "Filippas, Sebastian"]
[Black "Nabaty, Tamir"]
[Result "1/2-1/2"]
[WhiteElo "2145"]
[BlackElo "2421"]
[PlyCount "106"]
[EventDate "2007.09.14"]
[EventType "swiss"]
[EventRounds "9"]
[EventCountry "CRO"]
[Source "lmi"]
[SourceDate "2007.09.14"]

1. d4 Nf6 2. Nf3 c5 3. g3 cxd4 4. Nxd4 Nc6 5. Nxc6 dxc6 6. Qxd8+ Kxd8 7. f3 e5
8. e4 Bc5 9. Nd2 Ke7 10. Nc4 Nd7 11. Bh3 f6 12. Be3 Bxe3 13. Nxe3 g6 14. Rd1
Nc5 15. Bxc8 Raxc8 16. Kf2 b5 17. b4 Na4 18. Rd3 Rhd8 19. Rhd1 Rxd3 20. Rxd3 c5
21. bxc5 Rxc5 22. Rd5 Rxd5 23. Nxd5+ Kd6 24. Ke3 f5 25. Kd3 fxe4+ 26. fxe4 a5
27. Nf6 h5 28. Nd5 Nc5+ 29. Ke3 Na6 30. c3 Nc7 31. Nf6 Ke7 32. Nh7 Ne6 33. h4
Kf7 34. Kd3 Ke7 35. Kc2 Nc5 36. Ng5 Ne6 37. Nxe6 Kxe6 38. c4 b4 39. Kb3 Kd6 40.
Ka4 Kc5 41. Kxa5 Kxc4 42. Ka4 Kd4 43. Kxb4 Kxe4 44. a4 Kd3 45. a5 e4 46. a6 e3
47. a7 e2 48. a8=Q e1=Q+ 49. Kb5 Qe5+ 50. Kb6 Qd6+ 51. Kb5 Qe5+ 52. Kb6 Qf6+
53. Kc7 Ke3 1/2-1/2

[Event "17. Europa ch Juvenil - Masculino s16"]
[Site "Sibenik CRO"]
[Date "2007.09.14"]
[Round "1.5"]
[White "Durarbeyli, Vasif"]
[Black "Nuri, Kambez"]
[Result "1-0"]
[WhiteElo "2417"]
[BlackElo "2142"]
[PlyCount "45"]
[EventDate "2007.09.14"]
[EventType "swiss"]
[EventRounds "9"]
[EventCountry "CRO"]
[Source "lmi"]
[SourceDate "2007.09.14"]

1. e4 e5 2. Nf3 Nc6 3. Bb5 a6 4. Ba4 Nf6 5. O-O Be7 6. Qe2 b5 7. Bb3 O-O 8. c3
d5 9. d3 Bg4 10. Rd1 Na5 11. Bc2 dxe4 12. dxe4 Qc8 13. Nbd2 Qe6 14. h3 Bh5 15.
Nf1 Rad8 16. Re1 Qc4 17. g4 Bg6 18. Nxe5 h5 19. Nf3 Qe6 20. Nd4 Qc8 21. e5 Nd5
22. Nf5 Bc5 23. Qf3 1-0

[Event "17. Europa ch Juvenil - Masculino s16"]
[Site "Sibenik CRO"]
[Date "2007.09.14"]
[Round "1.6"]
[White "Weber, Christoph"]
[Black "Georgescu, Tiberiu"]
[Result "0-1"]
[WhiteElo "2131"]
[BlackElo "2385"]
[PlyCount "48"]
[EventDate "2007.09.14"]
[EventType "swiss"]
[EventRounds "9"]
[EventCountry "CRO"]
[Source "lmi"]
[SourceDate "2007.09.14"]

1. e4 c5 2. Nf3 d6 3. Nc3 Nf6 4. d4 cxd4 5. Nxd4 g6 6. Be3 Bg7 7. f3 O-O 8. Qd2
Nc6 9. Bc4 Bd7 10. O-O-O Rb8 11. h4 Na5 12. Bb3 b5 13. Bh6 Bxh6 14. Qxh6 e5 15.
Nde2 b4 16. Nd5 Nxb3+ 17. axb3 Nxd5 18. Rxd5 Rb6 19. h5 g5 20. Rxd6 f6 21. Rhd1
Rxd6 22. Rxd6 Qe7 23. Rd2 a5 24. g3 Bb5 0-1

[Event "17. Europa ch Juvenil - Masculino s16"]
[Site "Sibenik CRO"]
[Date "2007.09.14"]
[Round "1.8"]
[White "Klim, Kamil"]
[Black "Recuero Guerra, David"]
[Result "0-1"]
[WhiteElo "2126"]
[BlackElo "2378"]
[PlyCount "40"]
[EventDate "2007.09.14"]
[EventType "swiss"]
[EventRounds "9"]
[EventCountry "CRO"]
[Source "lmi"]
[SourceDate "2007.09.14"]

1. d4 e6 2. c4 b6 3. Nc3 Bb4 4. e4 Bb7 5. f3 f5 6. exf5 Nh6 7. Nh3 Nxf5 8. a3
Be7 9. d5 O-O 10. Bd3 Bc5 11. Be4 c6 12. Bg5 Qe8 13. dxe6 Qxe6 14. Qd3 Ba6 15.
Nf4 Qf7 16. g4 Bxc4 17. Qb1 Nh4 18. Bxh7+ Kh8 19. Bg6 Nxf3+ 20. Kd1 Bb3+ 0-1

[Event "17. Europa ch Juvenil - Masculino s16"]
[Site "Sibenik CRO"]
[Date "2007.09.14"]
[Round "1.9"]
[White "Lavrik, Dmitry"]
[Black "Soors, Stef"]
[Result "1-0"]
[WhiteElo "2371"]
[BlackElo "2126"]
[PlyCount "49"]
[EventDate "2007.09.14"]
[EventType "swiss"]
[EventRounds "9"]
[EventCountry "CRO"]
[Source "lmi"]
[SourceDate "2007.09.14"]

1. e4 e6 2. d4 d5 3. e5 c5 4. c3 Qb6 5. Nf3 Bd7 6. a3 a5 7. b3 Nc6 8. Be3 f6 9.
Bd3 cxd4 10. cxd4 f5 11. Nc3 Na7 12. O-O Rc8 13. Na4 Qd8 14. Qe2 Be7 15. Nc5
Rc7 16. Rfc1 h5 17. b4 a4 18. b5 Rc8 19. Nxb7 Rxc1+ 20. Rxc1 Qb6 21. Nc5 Bxb5
22. Rb1 Bxd3 23. Qxd3 Qc6 24. Rb8+ Kf7 25. Rb7 1-0

[Event "17. Europa ch Juvenil - Masculino s16"]
[Site "Sibenik CRO"]
[Date "2007.09.14"]
[Round "1.11"]
[White "Piorun, Kacper"]
[Black "Jefic, Srdjan"]
[Result "1-0"]
[WhiteElo "2359"]
[BlackElo "2103"]
[PlyCount "89"]
[EventDate "2007.09.14"]
[EventType "swiss"]
[EventRounds "9"]
[EventCountry "CRO"]
[Source "lmi"]
[SourceDate "2007.09.14"]

1. e4 c5 2. Nf3 Nc6 3. d4 cxd4 4. Nxd4 Nf6 5. Nc3 e5 6. Ndb5 d6 7. Bg5 a6 8.
Na3 b5 9. Bxf6 gxf6 10. Nd5 f5 11. Bd3 Be6 12. O-O Bg7 13. Qh5 f4 14. c4 b4 15.
Nc2 a5 16. b3 O-O 17. Rfd1 Ne7 18. a3 bxa3 19. Nxa3 Bxd5 20. cxd5 a4 21. b4 Qb6
22. Rab1 Rfb8 23. Be2 Ra7 24. Nc4 Qd8 25. Qh3 Rab7 26. Qa3 Qd7 27. Na5 Rb6 28.
Nc4 R6b7 29. Na5 Rb6 30. Rdc1 f5 31. Bf3 fxe4 32. Bxe4 Ng6 33. Rc6 Qg4 34. h3
Qe2 35. Bd3 Qh5 36. Nc4 Rxc6 37. dxc6 f3 38. Nxd6 Nf4 39. c7 Nxh3+ 40. gxh3
Qg5+ 41. Kf1 Rf8 42. Bc4+ Kh8 43. Nf7+ Rxf7 44. c8=Q+ Rf8 45. Qg4 1-0

[Event "17. Europa ch Juvenil - Masculino s16"]
[Site "Sibenik CRO"]
[Date "2007.09.14"]
[Round "1.12"]
[White "Bjelicic, Jan"]
[Black "Leniart, Arkadiusz"]
[Result "0-1"]
[WhiteElo "2101"]
[BlackElo "2357"]
[PlyCount "101"]
[EventDate "2007.09.14"]
[EventType "swiss"]
[EventRounds "9"]
[EventCountry "CRO"]
[Source "lmi"]
[SourceDate "2007.09.14"]

1. e4 e5 2. Nf3 Nc6 3. Bb5 a6 4. Bxc6 dxc6 5. O-O Bg4 6. h3 h5 7. d3 Qf6 8.
Nbd2 Ne7 9. Re1 Ng6 10. d4 Nf4 11. hxg4 hxg4 12. Nh2 Nxg2 13. Ndf1 Nxe1 14.
Qxe1 Bd6 15. Qe2 Rh4 16. Nxg4 Qg6 17. f3 O-O-O 18. Be3 exd4 19. Bf2 Rh3 20. Kg2
Rdh8 21. Bg3 Qh5 22. Bxd6 cxd6 23. Qf2 c5 24. Ng3 Qg5 25. Rh1 Rxh1 26. Nxh1 Qc1
27. Ng3 g6 28. e5 dxe5 29. Nxe5 Qf4 30. Nd3 Qg5 31. b3 b6 32. f4 Qd5+ 33. Kg1
Re8 34. Qg2 Qxg2+ 35. Kxg2 Kc7 36. Kf2 Kd6 37. Ne5 Re7 38. Ne4+ Kd5 39. Kf3 g5
40. Nf6+ Ke6 41. Neg4 gxf4 42. Kxf4 b5 43. Ke4 a5 44. a3 Ra7 45. Kf4 a4 46. Ne4
Kd5 47. Ngf6+ Kc6 48. Nd2 b4 49. bxa4 bxa3 50. Ke4 Rxa4 51. Nb3 0-1

[Event "17. Europa ch Juvenil - Masculino s16"]
[Site "Sibenik CRO"]
[Date "2007.09.14"]
[Round "1.14"]
[White "Kanmazalp, Ogulcan"]
[Black "Hamitevici, Vladimir"]
[Result "0-1"]
[WhiteElo "2093"]
[BlackElo "2333"]
[PlyCount "58"]
[EventDate "2007.09.14"]
[EventType "swiss"]
[EventRounds "9"]
[EventCountry "CRO"]
[Source "lmi"]
[SourceDate "2007.09.14"]

1. e4 c6 2. Nc3 d5 3. Nf3 a6 4. d4 Bg4 5. Bd3 e6 6. exd5 cxd5 7. h3 Bh5 8. g4
Bg6 9. Ne5 Nc6 10. Nxg6 hxg6 11. Ne2 Nf6 12. Nf4 g5 13. Ng2 Ne4 14. c3 Qa5 15.
Kf1 Be7 16. Qe1 Nd6 17. Ne3 b5 18. a3 Qb6 19. Kg2 Kd7 20. b4 Nxd4 21. cxd4 Qxd4
22. Qd2 Qxa1 23. Bb2 Qa2 24. Ra1 Qb3 25. Bxg7 Rhg8 26. Rb1 Qxa3 27. Ra1 Ne4 28.
Bxe4 Qxb4 29. Qxb4 Bxb4 0-1

[Event "17. Europa ch Juvenil - Masculino s16"]
[Site "Sibenik CRO"]
[Date "2007.09.14"]
[Round "1.15"]
[White "Jorczik, Julian"]
[Black "Orndahl, Markus"]
[Result "1-0"]
[WhiteElo "2333"]
[BlackElo "2078"]
[PlyCount "79"]
[EventDate "2007.09.14"]
[EventType "swiss"]
[EventRounds "9"]
[EventCountry "CRO"]
[Source "lmi"]
[SourceDate "2007.09.14"]

1. d4 d5 2. c4 c6 3. Nc3 Nf6 4. e3 a6 5. Qc2 g6 6. cxd5 cxd5 7. Bd3 Bg7 8. Nge2
O-O 9. O-O Nc6 10. a3 Qd6 11. b4 Ng4 12. Nf4 g5 13. h3 Nf6 14. Nfe2 h5 15. b5
axb5 16. Nxb5 Qd7 17. Bb2 h4 18. f3 Re8 19. e4 e5 20. dxe5 Nxe5 21. Nc7 Nxd3
22. Nxe8 Nxb2 23. Nxg7 Nc4 24. Nf5 Qc7 25. Qc1 Bxf5 26. Qxg5+ Bg6 27. Qxf6 dxe4
28. fxe4 Qc5+ 29. Kh1 Ne3 30. Rf3 Re8 31. Nf4 Bxe4 32. Ne6 Rxe6 33. Qxf7+ Kh8
34. Qxe6 Bxf3 35. Qf6+ Kh7 36. Qxf3 Nf5 37. Qxb7+ Kg6 38. Qe4 Kg7 39. Qg4+ Kh7
40. Rd1 1-0

[Event "17. Europa ch Juvenil - Masculino s16"]
[Site "Sibenik CRO"]
[Date "2007.09.14"]
[Round "1.16"]
[White "Poleshchuk, Dmitriy"]
[Black "Roganovic, Milos"]
[Result "0-1"]
[WhiteElo "2073"]
[BlackElo "2329"]
[PlyCount "35"]
[EventDate "2007.09.14"]
[EventType "swiss"]
[EventRounds "9"]
[EventCountry "CRO"]
[Source "lmi"]
[SourceDate "2007.09.14"]

1. e4 c5 2. Nf3 Nc6 3. d4 cxd4 4. Nxd4 g6 5. Nc3 Bg7 6. Be3 Nf6 7. Bc4 O-O 8.
Bb3 a5 9. f3 d5 10. exd5 Nb4 11. Nde2 a4 12. Nxa4 Nfxd5 13. Bf2 Qa5 14. c3 Nxc3
15. bxc3 Rd8 16. Bb6 Rxd1+ 17. Rxd1 Bxc3+ 18. Nexc3 0-1

[Event "17. Europa ch Juvenil - Masculino s16"]
[Site "Sibenik CRO"]
[Date "2007.09.14"]
[Round "1.17"]
[White "Narmontas, Matas"]
[Black "Yilmazyerli, Mert"]
[Result "1-0"]
[WhiteElo "2327"]
[BlackElo "2071"]
[PlyCount "191"]
[EventDate "2007.09.14"]
[EventType "swiss"]
[EventRounds "9"]
[EventCountry "CRO"]
[Source "lmi"]
[SourceDate "2007.09.14"]

1. e4 d5 2. exd5 Nf6 3. Bb5+ Bd7 4. Bc4 Bf5 5. Nc3 Nbd7 6. d3 a6 7. Qf3 Bg4 8.
Qg3 b5 9. Bb3 Nb6 10. Be3 h5 11. Bxb6 cxb6 12. Qe3 g6 13. Ne4 Bg7 14. Nxf6+
Bxf6 15. c3 O-O 16. Ne2 Bxe2 17. Qxe2 a5 18. a3 b4 19. c4 a4 20. Bd1 b3 21. O-O
Qd6 22. Qd2 Bd4 23. Bf3 Ra7 24. Rae1 Qf6 25. Re2 Kg7 26. Kh1 Rh8 27. Rb1 Rc8
28. Re4 Be5 29. Qe2 Bd6 30. g3 Rac7 31. Bg2 Bc5 32. Rf4 Qg5 33. h4 Qh6 34. Bh3
Bd6 35. Re4 Ra8 36. Kg2 Kg8 37. Re3 Qg7 38. Re4 Qf6 39. d4 Ra5 40. Qd3 Raa7 41.
Rc1 Ra5 42. Rc3 Qg7 43. Qd2 Ra8 44. Re1 f5 45. Re6 Rf8 46. Kg1 Rf6 47. Re1 Rf8
48. Bf1 Kh7 49. f4 Rfc8 50. Rec1 e6 51. dxe6 Qf6 52. d5 Bc5+ 53. Kh2 Rd8 54.
Rd3 Rd6 55. Re1 Re7 56. Re5 Kh6 57. Be2 Kh7 58. Qd1 Kh6 59. Bf3 Qf8 60. Re2 Qf6
61. Red2 Qf8 62. Qe2 Qg7 63. Qe5 Kh7 64. Bd1 Kh6 65. Kg2 Kh7 66. Kf1 Kh6 67.
Ke2 Kh7 68. Bxb3 axb3 69. Rxb3 Qg8 70. Kd1 Qd8 71. Qe2 Qa8 72. Rc3 b5 73. b4
Ba7 74. Qe5 Qd8 75. c5 Rexe6 76. Qxe6 Rxe6 77. dxe6 Qe8 78. Rd7+ Kh6 79. Re3
Bb8 80. c6 Ba7 81. Rxa7 Qxc6 82. Rd7 Qh1+ 83. Kc2 Qc6+ 84. Kb2 Qg2+ 85. Kb3 Qg1
86. Rdd3 Qb1+ 87. Kc3 Qc1+ 88. Kd4 Kg7 89. Rc3 Qd2+ 90. Kc5 Qd8 91. e7 Qc7+ 92.
Kxb5 Qb7+ 93. Kc4 Qc6+ 94. Kb3 Qd5+ 95. Kb2 Qd2+ 96. Kb1 1-0

[Event "17. Europa ch Juvenil - Masculino s16"]
[Site "Sibenik CRO"]
[Date "2007.09.14"]
[Round "1.18"]
[White "Thorgeirsson, Sverrir"]
[Black "Bregadze, Levan"]
[Result "0-1"]
[WhiteElo "2064"]
[BlackElo "2324"]
[PlyCount "88"]
[EventDate "2007.09.14"]
[EventType "swiss"]
[EventRounds "9"]
[EventCountry "CRO"]
[Source "lmi"]
[SourceDate "2007.09.14"]

1. e4 c5 2. Nf3 d6 3. c4 Nc6 4. d4 cxd4 5. Nxd4 Nf6 6. Nc3 g6 7. Be2 Bg7 8. Be3
O-O 9. O-O Bd7 10. Qd2 Rc8 11. Rac1 a6 12. f3 Nxd4 13. Bxd4 Be6 14. b3 Nd7 15.
Bxg7 Kxg7 16. Qd4+ f6 17. f4 Qa5 18. f5 Bf7 19. fxg6 hxg6 20. Bg4 Rc7 21. Bxd7
Rxd7 22. Rf2 Rc8 23. e5 Qxe5 24. Qd2 d5 25. Na4 Rh8 26. g3 d4 27. b4 Rc7 28.
Nc5 Qe3 29. Qxe3 dxe3 30. Re2 b6 31. Nxa6 Rxc4 32. Rce1 e5 33. Rxe3 Rc2 34. Rd3
Rhxh2 35. Rd7 Kf8 36. Rc7 Rxa2 37. Nb8 Rhg2+ 38. Kh1 Rgc2 39. Nd7+ Kg7 40. Rxc2
Rxc2 41. Nxb6 Rc6 42. Nd7 Bd5+ 43. Kg1 Rc2 44. Kf1 Rb2 0-1

[Event "17. Europa ch Juvenil - Masculino s16"]
[Site "Sibenik CRO"]
[Date "2007.09.14"]
[Round "1.19"]
[White "Krejci, Jan"]
[Black "Plaskan, Jure"]
[Result "1-0"]
[WhiteElo "2315"]
[BlackElo "2061"]
[PlyCount "115"]
[EventDate "2007.09.14"]
[EventType "swiss"]
[EventRounds "9"]
[EventCountry "CRO"]
[Source "lmi"]
[SourceDate "2007.09.14"]

1. e4 c5 2. Nf3 d6 3. d4 cxd4 4. Nxd4 Nf6 5. Nc3 a6 6. Be3 e5 7. Nb3 Be6 8. f3
Nbd7 9. Qd2 b5 10. O-O-O Nb6 11. Qf2 Rb8 12. Nc5 Bc8 13. Nd3 Nc4 14. Nb4 Bb7
15. Bxc4 bxc4 16. Ba7 Ra8 17. Bb6 Qc8 18. Ba5 Be7 19. g4 Rb8 20. h4 O-O 21. g5
Nh5 22. Nbd5 Bxd5 23. Nxd5 Qb7 24. Qb6 Bd8 25. Qxb7 Rxb7 26. Bb4 Rd7 27. Ne3
Ng3 28. Rh2 f5 29. Bxd6 Bb6 30. Nxc4 Rfd8 31. Nxb6 Rxd6 32. Rxd6 Rxd6 33. Nc4
Rd4 34. Nxe5 Ra4 35. a3 fxe4 36. fxe4 Rxe4 37. Nd3 Nf5 38. h5 Rg4 39. g6 hxg6
40. hxg6 Rxg6 41. b4 Ne3 42. Kb2 Rg1 43. Re2 Nc4+ 44. Kb3 Nd6 45. Re6 Nf5 46.
Rxa6 g5 47. Ne5 Ne3 48. c4 g4 49. c5 g3 50. Nf3 Rd1 51. Rg6+ Kf8 52. Rxg3 Rd3+
53. Ka4 Nd5 54. Rh3 Nf4 55. Rh8+ Kg7 56. Ne5 Re3 57. Rh4 Nd5 58. Nc4 1-0

[Event "17. Europa ch Juvenil - Masculino s16"]
[Site "Sibenik CRO"]
[Date "2007.09.14"]
[Round "1.20"]
[White "Getz, Nicolai"]
[Black "Goganov, Aleksey"]
[Result "0-1"]
[WhiteElo "2060"]
[BlackElo "2309"]
[PlyCount "88"]
[EventDate "2007.09.14"]
[EventType "swiss"]
[EventRounds "9"]
[EventCountry "CRO"]
[Source "lmi"]
[SourceDate "2007.09.14"]

1. e4 e5 2. Nf3 Nc6 3. Bc4 Bc5 4. c3 Nf6 5. d3 a6 6. O-O d6 7. Bb3 Ba7 8. Re1
O-O 9. h3 Re8 10. Nbd2 Be6 11. Bc2 h6 12. Nf1 d5 13. exd5 Bxd5 14. Ng3 Qd7 15.
Be3 Bxe3 16. fxe3 Rad8 17. e4 Be6 18. Qe2 Qe7 19. Qe3 Bc8 20. Rad1 Nh7 21. d4
exd4 22. cxd4 Ng5 23. Nxg5 Qxg5 24. Qxg5 hxg5 25. Ne2 Re7 26. Kf2 b6 27. Ke3
Bb7 28. Ng3 g6 29. e5 Nb4 30. Bb3 Bxg2 31. Ne4 Bxe4 32. Kxe4 Kg7 33. d5 Rh8 34.
Kd4 Rxh3 35. d6 cxd6 36. exd6 Rd7 37. Ke4 Rh8 38. Kf3 Rhd8 39. Re7 Nc6 40. Rxd7
Rxd7 41. Kg4 Na5 42. Kxg5 f6+ 43. Kf4 Nxb3 44. axb3 Kf7 0-1

[Event "17. Europa ch Juvenil - Masculino s16"]
[Site "Sibenik CRO"]
[Date "2007.09.14"]
[Round "1.21"]
[White "Golichenko, Ilija"]
[Black "Hohluks, Aleksandrs"]
[Result "1/2-1/2"]
[WhiteElo "2306"]
[BlackElo "2056"]
[PlyCount "92"]
[EventDate "2007.09.14"]
[EventType "swiss"]
[EventRounds "9"]
[EventCountry "CRO"]
[Source "lmi"]
[SourceDate "2007.09.14"]

1. d4 c5 2. d5 g6 3. c4 d6 4. Nc3 Bg7 5. e4 e6 6. Bd3 Ne7 7. h3 exd5 8. cxd5
O-O 9. Nf3 a6 10. a4 Nd7 11. O-O f5 12. Re1 Ne5 13. Nxe5 Bxe5 14. Bg5 f4 15.
Qd2 Rf7 16. Bh6 Kh8 17. Ne2 f3 18. Nf4 Ng8 19. Ne6 Qh4 20. Bg5 Qh5 21. Bf1 fxg2
22. Bxg2 Bxe6 23. dxe6 Rff8 24. Be3 Qh4 25. Rad1 Rae8 26. b4 cxb4 27. Qxb4 Rxe6
28. Qxb7 Ref6 29. Rf1 Nh6 30. f4 Qg3 31. Rf3 Qh4 32. Rdf1 Bxf4 33. Rxf4 Rxf4
34. Rxf4 Rxf4 35. Bd4+ Rf6 36. Qe7 Ng8 37. Qxd6 Qg5 38. Bxf6+ Nxf6 39. Qxa6
Qe3+ 40. Kf1 Qc1+ 41. Kf2 Qc2+ 42. Ke3 Qb3+ 43. Kf2 Qc2+ 44. Kg1 Qc5+ 45. Kf1
Qc1+ 46. Kf2 Qc2+ 1/2-1/2

[Event "17. Europa ch Juvenil - Masculino s16"]
[Site "Sibenik CRO"]
[Date "2007.09.14"]
[Round "1.22"]
[White "Ketzetzis, Georgios"]
[Black "Huschenbeth, Niclas"]
[Result "0-1"]
[WhiteElo "2045"]
[BlackElo "2306"]
[PlyCount "50"]
[EventDate "2007.09.14"]
[EventType "swiss"]
[EventRounds "9"]
[EventCountry "CRO"]
[Source "lmi"]
[SourceDate "2007.09.14"]

1. e4 e5 2. Nf3 Nc6 3. Bc4 Bc5 4. b4 Bxb4 5. c3 Ba5 6. d4 exd4 7. O-O Nge7 8.
cxd4 d5 9. exd5 Nxd5 10. Ba3 Be6 11. Nbd2 Bb4 12. Bxb4 Ncxb4 13. Qb3 O-O 14. a3
Nc6 15. Qxb7 Na5 16. Qa6 Nxc4 17. Nxc4 Nf4 18. Ne3 Qf6 19. Rac1 Nxg2 20. Nxg2
Qxf3 21. Ne3 Bh3 22. Rfe1 Rae8 23. Qc6 Re4 24. Rc5 h6 25. Rc2 Rfe8 0-1

[Event "17. Europa ch Juvenil - Masculino s16"]
[Site "Sibenik CRO"]
[Date "2007.09.14"]
[Round "1.23"]
[White "Balazs, Gabor"]
[Black "Nitelea, Barbu Alexandru"]
[Result "1-0"]
[WhiteElo "2305"]
[BlackElo "2012"]
[PlyCount "67"]
[EventDate "2007.09.14"]
[EventType "swiss"]
[EventRounds "9"]
[EventCountry "CRO"]
[Source "lmi"]
[SourceDate "2007.09.14"]

1. d4 Nf6 2. c4 c5 3. d5 e5 4. Nc3 d6 5. e4 Nbd7 6. Be2 Be7 7. Nf3 h5 8. a3 h4
9. h3 Nf8 10. Be3 Ng6 11. b4 b6 12. Rb1 Nh5 13. bxc5 bxc5 14. Nxe5 Nxe5 15.
Bxh5 Qa5 16. Bd2 Nxc4 17. Be2 Nxd2 18. Qxd2 O-O 19. Nb5 Qxd2+ 20. Kxd2 Bd7 21.
f4 g5 22. f5 Bxb5 23. Rxb5 Rfb8 24. Rhb1 Rxb5 25. Rxb5 Kg7 26. Rb7 Kf6 27. Bf3
a5 28. e5+ dxe5 29. Rxe7 Rf8 30. Rc7 Kxf5 31. Ke3 Rb8 32. Rxf7+ Kg6 33. Rc7
Rb3+ 34. Ke4 1-0

[Event "17. Europa ch Juvenil - Masculino s16"]
[Site "Sibenik CRO"]
[Date "2007.09.14"]
[Round "1.24"]
[White "Muheim, Sebastian"]
[Black "Lomsadze, Davit"]
[Result "0-1"]
[WhiteElo "2005"]
[BlackElo "2305"]
[PlyCount "70"]
[EventDate "2007.09.14"]
[EventType "swiss"]
[EventRounds "9"]
[EventCountry "CRO"]
[Source "lmi"]
[SourceDate "2007.09.14"]

1. e4 e5 2. Nf3 Nc6 3. Bb5 a6 4. Bxc6 dxc6 5. O-O f6 6. d4 exd4 7. Nxd4 c5 8.
Nb3 Qxd1 9. Rxd1 Bd7 10. Be3 b6 11. Nc3 O-O-O 12. a4 a5 13. Bf4 Ne7 14. Nb5
Bxb5 15. Rxd8+ Kxd8 16. axb5 g5 17. Bg3 Bg7 18. c3 Kc8 19. Rd1 a4 20. Nc1 Rd8
21. Rxd8+ Kxd8 22. Ne2 Kd7 23. f4 c6 24. bxc6+ Nxc6 25. Nc1 Bh6 26. f5 g4 27.
Nd3 Na5 28. Kf2 Nc4 29. e5 Nxb2 30. e6+ Kc6 31. Nxb2 a3 32. Nc4 a2 33. e7 Kd7
34. Nxb6+ Kxe7 35. Nd5+ Kf7 0-1

[Event "17. Europa ch Juvenil - Masculino s16"]
[Site "Sibenik CRO"]
[Date "2007.09.14"]
[Round "1.25"]
[White "Rasulov, Vugar"]
[Black "Rubil, Marko"]
[Result "1-0"]
[WhiteElo "2297"]
[BlackElo "2005"]
[PlyCount "113"]
[EventDate "2007.09.14"]
[EventType "swiss"]
[EventRounds "9"]
[EventCountry "CRO"]
[Source "lmi"]
[SourceDate "2007.09.14"]

1. e4 e5 2. Nf3 Nc6 3. Bb5 a6 4. Ba4 Nf6 5. O-O Be7 6. Re1 b5 7. Bb3 d6 8. c3
O-O 9. h3 Na5 10. Bc2 c5 11. d4 Qc7 12. Nbd2 cxd4 13. cxd4 Bd7 14. d5 Rac8 15.
Bd3 Nb7 16. Nf1 Nc5 17. Bb1 Bd8 18. Ng3 Qa7 19. Bg5 h6 20. Be3 Bb6 21. Nh4 Na4
22. Bxb6 Qxb6 23. Ngf5 Kh7 24. Qd2 Ng8 25. Bd3 g6 26. Ne3 Qd4 27. Rab1 Nc5 28.
Red1 Nf6 29. Qe2 Nxd3 30. Rxd3 Qxe4 31. Nf3 Bf5 32. Rbd1 Nh5 33. g3 Bxh3 34.
Nd2 Qa4 35. Ra3 Qb4 36. Nb3 Nf6 37. Rxa6 Ra8 38. Rb6 Rfb8 39. Rxb8 Rxb8 40. Rc1
Kg7 41. Rc7 Qa4 42. Nc1 Qe4 43. f3 Qd4 44. Nb3 Qb6 45. Rc6 Qa7 46. Rxd6 Bd7 47.
Kh2 Ne8 48. Qf2 Kg8 49. Rxd7 Qxd7 50. Qd2 h5 51. Nc5 Qa7 52. Ne4 Qd4 53. Qc1
Rd8 54. g4 Nd6 55. Nf5 Nxf5 56. gxf5 Rc8 57. Qxc8+ 1-0

[Event "17. Europa ch Juvenil - Masculino s16"]
[Site "Sibenik CRO"]
[Date "2007.09.14"]
[Round "1.26"]
[White "Krivec, Sandi"]
[Black "Alonso Rosell, Alvar"]
[Result "0-1"]
[WhiteElo "2003"]
[BlackElo "2285"]
[PlyCount "106"]
[EventDate "2007.09.14"]
[EventType "swiss"]
[EventRounds "9"]
[EventCountry "CRO"]
[Source "lmi"]
[SourceDate "2007.09.14"]

1. d4 Nf6 2. Nf3 e6 3. c4 c5 4. d5 exd5 5. cxd5 d6 6. Nc3 g6 7. e4 Bg7 8. h3
O-O 9. Bd3 Nh5 10. O-O a6 11. a4 Nd7 12. Be3 Re8 13. Nd2 Bd4 14. Be2 Bxe3 15.
fxe3 Ng3 16. Rf3 Qg5 17. Kh2 Nh5 18. g4 Nhf6 19. Qf1 Kg7 20. Rf4 Ne5 21. Qg2
Rb8 22. Raf1 Nfd7 23. Qg3 h6 24. Qf2 Qe7 25. Nc4 Rf8 26. Nd2 f6 27. Qg3 g5 28.
R4f2 Ng6 29. Ra1 Nde5 30. Nf1 Nh4 31. Qg1 h5 32. gxh5 b5 33. axb5 axb5 34. Qg3
b4 35. Nb5 Rb7 36. Nd2 Bd7 37. Na7 Kh6 38. Ra6 Rc7 39. Nf3 Nhxf3+ 40. Bxf3 Ra8
41. Nc6 Bxc6 42. Rxc6 Nxc6 43. dxc6 Qe5 44. Kg2 Ra2 45. Qg4 Rxb2 46. Be2 d5 47.
Rf5 Qxe4+ 48. Qxe4 dxe4 49. Rxf6+ Kg7 50. Rg6+ Kh7 51. Kf1 b3 52. Rd6 Ra2 53.
Bg4 Rf7+ 0-1

[Event "17. Europa ch Juvenil - Masculino s16"]
[Site "Sibenik CRO"]
[Date "2007.09.14"]
[Round "1.30"]
[White "Kurkijarvi, Mikko"]
[Black "Varga, David"]
[Result "0-1"]
[WhiteElo "1970"]
[BlackElo "2257"]
[PlyCount "54"]
[EventDate "2007.09.14"]
[EventType "swiss"]
[EventRounds "9"]
[EventCountry "CRO"]
[Source "lmi"]
[SourceDate "2007.09.14"]

1. e4 e6 2. Nf3 d5 3. Nc3 Nf6 4. e5 Nfd7 5. d4 c5 6. dxc5 Bxc5 7. Bd3 Nc6 8.
Bf4 f6 9. exf6 Nxf6 10. O-O O-O 11. Qd2 Bd7 12. Ne5 Nh5 13. Bg5 Qc7 14. Nxc6
bxc6 15. Rae1 Bd6 16. g3 e5 17. Be2 Nf6 18. Bf3 e4 19. Bxf6 exf3 20. Be7 Rf5
21. Bxd6 Qxd6 22. Re4 Rf6 23. Rd4 Re8 24. Nd1 Re2 25. Qc3 Bh3 26. Re1 Qe5 27.
Re4 Qxe4 0-1